European journal of remote sensing

Detalles Bibliográficos
Título anterior:Italian journal of remote sensing
Autores Corporativos: Associazione italiana di telerilevamento, Taylor & Francis
Formato: Electrónico Seriadas
Lenguaje:inglés
Publicado: [Cagliari, Italy] : Associazione italiana di telerilevamento, 2012-
Materias:
Acceso en línea:Full text available from Research Library: 01/01/2012 to present

MARC

LEADER 00000nas a2200000 a 4500
001 ssj0000800789
003 WaSeSS
005 20200512172242.0
006 m d
007 cr n
008 120409c20129999it ar s 0 0eng c
010 |a  2012240443 
015 |a GBB8A7284  |2 bnb 
016 7 |a 018886348  |2 Uk 
022 |a 2279-7254  |l 2279-7254 
035 |a (WaSeSS)ssj0000800789 
040 |a AU@  |b eng  |c AU@  |d OCLCO  |d IXA  |d CUS  |d OCLCF  |d OCLCO  |d OCLCQ  |d OCLCO  |d UKMGB  |d VT2  |d DLC  |d WaSeSS 
042 |a pcc 
050 0 0 |a G70.4 
245 0 0 |a European journal of remote sensing  |h [electronic resource]. 
260 |a [Cagliari, Italy] :  |b Associazione italiana di telerilevamento,  |c 2012- 
310 |a Annual 
362 1 |a Began with vol. 45 (Mar. 2012). 
506 |a License restrictions may limit access. 
588 |a Description based on first issue; title from HTML header (publisher's Web site, viewed Dec. 17, 2012). 
588 |a Latest issue consulted: Vol. 52, issue 1 (2019); (Taylor & Francis Online, viewed May 20, 2019). 
650 0 |a Remote sensing  |v Periodicals. 
650 7 |a Remote sensing.  |2 fast  |0 (OCoLC)fst01094469 
655 0 |a Electronic journals. 
710 2 |a Associazione italiana di telerilevamento. 
710 2 |a Taylor & Francis. 
780 0 0 |t Italian journal of remote sensing  |w (DLC) 2012240442  |w (OCoLC)771858550 
850 |a DLC 
856 4 0 |z Full text available from Research Library: 01/01/2012 to present  |u https://search.proquest.com/publication/3933194